00506nam a22001697a 450000500170000001000170001702000260003403500170006003700210007708200150009810000220011324500590013526000350019427000670022930000210029650000190031720140610171931.0 aB-504725-735 a9780143067351c399.00 aB-504725-735 adplbK.K.Pub/Ven a954.045092 aSahgal, Nayantara aIndira Gandhi:btryst with power/cby Nayantara Sahgal aNew DelhibPenguin Booksc2012 a11 Community Centre, Panchsheel ParkbNew Delhie110017 India a412p.c19cm(pbK) aincludes index